|
|
|
|
| LEADER |
01590nam a2200337 a 4500 |
| 001 |
16940530 |
| 008 |
120325s2012 nyua b 001 0 eng |
| 010 |
|
|
|a 2011031506
|
| 020 |
|
|
|a 9780071769105 (alk. paper)
|
| 020 |
|
|
|a 9781259004087
|
| 020 |
|
|
|a 1259004082
|
| 040 |
|
|
|a DLC
|c DLC
|d BD-DhAAL
|
| 042 |
|
|
|a pcc
|
| 050 |
0 |
0 |
|a QA76.3
|b .G7529 2012
|
| 082 |
0 |
0 |
|a 658.4/03
|2 23
|
| 100 |
1 |
|
|a Gregory, Peter H.
|
| 245 |
1 |
0 |
|a All-in-one CISA certified information systems auditor exam guide /
|c Peter H. Gregory.
|
| 246 |
3 |
0 |
|a CISA certified information systems auditor exam guide
|
| 250 |
|
|
|a 2nd ed.
|
| 260 |
|
|
|a New York ;
|a New Delhi :
|b Tata McGraw-Hill,
|c c2012.
|
| 300 |
|
|
|a xxiv, 724 p. :
|b ill. ;
|c 25 cm. +
|e 1 CD-ROM (4 3/4in.)
|
| 504 |
|
|
|a Includes bibliographical references and index.
|
| 541 |
|
|
|e 00024843
|
| 650 |
|
0 |
|a Information Systems Audit and Control Association
|x Examinations
|v Study guides.
|
| 650 |
|
0 |
|a Electronic data processing departments
|x Auditing
|x Examinations
|v Study guides.
|
| 650 |
|
0 |
|a Management information systems
|x Auditing
|x Examinations
|v Study guides.
|
| 650 |
|
0 |
|a Electronic data processing personnel
|x Certification
|v Study guides.
|
| 852 |
1 |
|
|a Ayesha Abed Library
|c General shelf.
|
| 999 |
|
|
|c 12030
|d 12030
|
| 952 |
|
|
|0 0
|1 0
|2 ddc
|4 0
|6 658_403000000000000_GRE
|7 0
|9 19811
|a BRACUL
|b BRACUL
|c GEN
|d 2012-03-24
|e Paragon Enterprises Ltd.
|g 1394.00
|l 0
|o 658.403 GRE
|p 3010024843
|r 2012-03-27
|t 1
|w 2012-03-27
|y BK
|
| 952 |
|
|
|0 0
|1 0
|2 ddc
|4 0
|6 658_403000000000000_GRE
|7 0
|9 19835
|a BRACUL
|b BRACUL
|c AV
|d 2012-03-24
|l 0
|o 658.403 GRE
|p 4010024843
|r 2012-03-27
|t 1
|w 2012-03-27
|y AV
|